000 00931nam a2200241 i 4500
001 30283
003 ES-MaACL
005 20230909063107.0
007 t|
008 030124s1946 sp ||||1| spa d
100 1 _aBarraquer Ferré, Luis,
_d1887-1959
_925856
245 1 4 _aLas neuralgias /
_cLuis Barraquer Ferré y Emilio Castañer Vendrell.
250 _a2ª ed.
260 _aBarcelona, etc. :
_bSalvat,
_c1946 (
_fHispano-Americana)
300 _a169 p. :
_bil. ;
_c23 cm.
490 1 _aManuales de medicina práctica
500 _aPrecede al tít.: Clínica de Neuropatología del Hospital de la Santa Cruz y San Pablo. Barcelona.
700 1 _aCastañer Vendrell, Emilio.
_936420
710 2 _aClínica de Neuropatología del Hospital de la Santa Cruz y San Pablo (Barcelona)
_92851
830 0 _aManuales de medicina práctica
_9181070
852 _aES-MaACL
_jD-7637
_bR.28977
999 _c30283
_d30283